000
00268nam a22001337a 4500
020
_a
81-713-0259-9
082
_a
894.812.3
_b
BAS/S
245
_a
SARPPAYANJAM
260
_a
KOTTAYAM
_b
DC BOOKS
_c
2005
300
_a
52
520
_a
NOVEL
650
_a
NOVEL
942
_c
BK
999
_c
4718
_d
4718